Právne nástroje boja proti korupcii

Bibliographic Details
Main Authors: Ivanová, Denisa (Author), Hrubala, Ján, 1964- (Author)
Format: Book
Language:Slovak
PhysicalDescription:29 s., 1 príl. ilustr., tab. 30 cm
Published: Bratislava CPHR - Transparency International Slovensko 2001
ISBN:8089041108
Series:Protikorupčné nástroje
Subjects:

MARC

LEADER 00000nam a2200000 a 4500
001 vtls001440245
003 SK-MaSNL
005 20260425231144.0
008 251113s2001 xo ap r y slo
015 |a SNBA2003/01-00034 
020 |a 8089041108 
035 |a SNK000395412 
035 |a urn:nbn:sk:snk-amtiag 
035 |a urn:nbn:sk:snk-am00c535 
035 |a 116B2AB9-9E7B-401F-82E4-59E0C8A686D3 
040 |a SNK  |b slo  |c SNK  |e AACR2 
041 0 |a slo 
044 |a xo  |c SK 
080 |a 328.185(437.6)  |2 2. slo 
080 |a 343.352(437.6)  |2 2. slo 
100 1 |a Ivanová, Denisa  |4 aut  |9 336020 
245 1 0 |a Právne nástroje boja proti korupcii  |c Denisa Ivanová, Ján Hrubala 
260 |a Bratislava  |b CPHR - Transparency International Slovensko  |c 2001 
300 |a 29 s., 1 príl.  |b ilustr., tab.  |c 30 cm 
490 1 |a Protikorupčné nástroje 
500 |a Vydal podľa ISBN Róbert Vico, Prešov 
650 0 7 |a korupcia  |2 SNKPH  |9 1699 
651 7 |a Slovensko  |2 SNKPHgeo  |9 14231 
655 7 |a príručky  |2 SNK  |9 74364 
700 1 |a Hrubala, Ján,  |d 1964-  |4 aut 
710 0 |a Róbert Vico - vydavateľstvo  |4 pbl  |9 300383 
830 0 |a Protikorupčné nástroje  |9 441489 
919 |a 80-89041-10-8 
958 |a TL 
958 |a BQ 
999 |c 696255  |d 698185 
952 |t P60, <03>, [BOOK], {603}  |a SNK  |b SNK  |y PREZ  |7 0  |p 17A0354949  |o snkSB 65462  |i snkKSP 10742/2002  |0 0  |1 0  |4 0  |d 2002-09-05  |f 1  |l 0  |r 2017-06-30 00:00:00  |w 2026-02-23 
952 |t P60, <04>, [BOOK], {604}  |a SNK  |b SNK  |y VYP  |7 0  |p 17A0389689  |o snkSB 65462 D1  |i snkKSP 8692/2003  |0 0  |1 0  |4 0  |d 2003-07-18  |l 0  |r 2005-01-02 00:00:00  |w 2026-02-23